Citations d'oeuvres littéraires + Auteurs # 3 - Statistiques

Statistiques générales
  • Ce quiz a été pris 637 fois
  • Le résultat moyen est 12 sur 20
Statistiques - réponses
Question Réponse % Correct
Cosette était laide. Heureuse, elle eût peut-être été jolie. Les misérables
92%
Victor Hugo
91%
Athos lui conseilla de commander un bon repas à La Pomme de Pain, Porthos de prendre un laquais, et Aramis de se faire une maitresse convenable. Les trois mousquetaires
84%
Alexandre Dumas
83%
Tire la chevillette, la bobinette cherra. Le Petit Chaperon rouge ( Les Contes de ma mère l'Oye )
82%
JK Rowling
75%
Ma bonne, ma bonne, dit un jour Sophie en accourant dans sa chambre, venez vite ouvrir une caisse que papa m’a envoyée de Paris ; je crois que c’est une poupée de cire, car il m’en a promis une.
Les malheurs de Sophie
71%
Mr et Mrs Dursley, qui habitaient au 4, Privet Drive, avaient toujours affirmé avec la plus grand fierté qu’ils étaient parfaitement normaux, merci pour eux . Harry Potter à l'école des sorciers
70%
Charles Perrault
65%
Sur mes cahiers d’écolier
Sur mon pupitre et les arbres Sur le sable sur la neige J’écris ton nom
Liberté
61%
La comtesse de Ségur
55%
Marcel Pagnol
50%
Jean Racine
49%
D’Aubagne nous passâmes à Saint-Loup, qui était un gros village dans la banlieue de Marseille. La gloire de mon père
49%
Paul Eluard
49%
Pour qui sont ces serpents qui sifflent sur vos têtes ? Andromaque
35%
La petite ville de Verrières peut passer pour l’une des plus jolies de la Franche-Comté. Le rouge et le noir
33%
Stendhal
33%
Agatha Christie
19%
Néanmoins, je suis persuadé que Mr Owen - pour lui donner le nom qu'il a lui même choisi - se trouve dans l'île. J'en jurerais sur ma vie. Cet homme a décidé de châtier certains individus dont les fautes échappent aux rigueurs de la loi. Dix petits nègres ( Ils étaient dix )
18%
Aucun quiz correspondant
Distribution des résultats
% des personnes avec chaque résultat
Percentile par nombre de réponses
Votre historique - résultats
Vous n’avez pas pris ce quiz